| 000 | 00541nam a22001932 4500 | ||
|---|---|---|---|
| 001 | 0000025488 | ||
| 005 | 20151217154550.0 | ||
| 008 | 151005s xx 000 0 eng d | ||
| 020 | _a019825444x : | ||
| 040 |
_aKABU _cKABU |
||
| 100 | 1 |
_aAtiyah, P.S. _@0000186146 |
|
| 245 | 1 | 0 |
_aEssays on contract / _cP.S. Atiyah. |
| 260 |
_aOxford : _bOUP, _c1986. |
||
| 300 | _avii, 396 p. | ||
| 650 | 0 |
_aContracts _zGreat Britain. _@0000156958 |
|
| 852 | 1 | _9p8500 KES | |
| 908 | _a151005 | ||
| 950 | _@1 | ||
| 999 |
_c11748 _d11748 |
||